[Event "Rio de Janeiro-ch 20th"]
[Site "Rio de Janeiro"]
[Date "1996.01.17"]
[Round "5"]
[White "Alcantara de Mello, Pedro"]
[Black "Metello, Marcello Gomes"]
[Result "0-1"]
[WhiteElo "1915"]
[BlackElo "2230"]
[PlyCount "142"]
[EventDate "1996.01.13"]
[EventType "swiss"]
[EventRounds "7"]
[EventCountry "BRA"]
[SourceTitle "EXT 2006"]
[Source "ChessBase"]
[SourceDate "2005.11.24"]
[SourceVersion "1"]
[SourceVersionDate "2005.11.24"]
[SourceQuality "1"]

1. b4 d5 2. Bb2 e6 3. a3 Nf6 4. e3 Bd6 5. Nf3 Nbd7 6. d4 0-0 7. Nbd2 Qe7 8. c4 dxc4 9. Nxc4 Ne4 10. Nxd6 cxd6 11. Bd3 f5 12. 0-0 d5 13. Rc1 Ndf6 14. Ne5 Rb8 15. f3 Nd6 16. Rf2 Bd7 17. a4 a6 18. Qb3 b5 19. Nc6 Bxc6 20. Rxc6 Ra8 21. axb5 axb5 22. Rc1 Nc4 23. Re2 Nh5 24. Ra1 Qg5 25. Rxa8 Rxa8 26. Bxc4 bxc4 27. Qc3 Qe7 28. Bc1 Nf6 29. Rb2 Kf7 30. Bd2 Ra1+ 31. Kf2 Qd6 32. g3 Ke8 33. Qc2 Qa6 34. b5 Qb6 35. Qc3 Ra4 36. Qc2 Ra3 37. Bb4 Ra8 38. Bd2 Kd8 39. Kg2 Kc8 40. Qc3 Ra4 41. Qc2 Ra3 42. Bb4 Ra8 43. Bd2 Kb7 44. Qc3 Ra4 45. Qc2 Ra3 46. Qc1 Qa7 47. Qc2 Qa4 48. Qxa4 Rxa4 49. Bb4 Nd7 50. Be7 Kc7 51. f4 c3 52. Rc2 Rc4 53. Kf2 Kb6 54. Ke2 Nf6 55. Bxf6 gxf6 56. Kd3 Kxb5 57. Rxc3 Kb4 58. Rc2 Kb3 59. Rf2 Rc3+ 60. Ke2 Rc2+ 61. Kf3 Rxf2+ 62. Kxf2 Kc2 63. Kf3 Kd3 64. Kf2 Kd2 65. h3 h5 66. Kf3 Ke1 67. g4 hxg4+ 68. hxg4 fxg4+ 69. Kxg4 Kf2 70. f5 exf5+ 71. Kf4 Ke2 0-1

[Event "Rio de Janeiro-ch 20th"]
[Site "Rio de Janeiro"]
[Date "1996.01.14"]
[Round "2"]
[White "Teixeira, William A"]
[Black "Alcantara de Mello, Pedro"]
[Result "0-1"]
[WhiteElo "1845"]
[BlackElo "1915"]
[PlyCount "110"]
[EventDate "1996.01.13"]
[EventType "swiss"]
[EventRounds "7"]
[EventCountry "BRA"]
[SourceTitle "EXT 2006"]
[Source "ChessBase"]
[SourceDate "2005.11.24"]
[SourceVersion "1"]
[SourceVersionDate "2005.11.24"]
[SourceQuality "1"]

1. d4 Nf6 2. Nf3 g6 3. g3 Bg7 4. Bg2 0-0 5. 0-0 d6 6. c4 Nc6 7. Nc3 e5 8. dxe5 dxe5 9. Bg5 Be6 10. b3 h6 11. Bxf6 Qxf6 12. e4 Nd4 13. Nd5 Qd8 14. Rc1 Bg4 15. h3 Nxf3+ 16. Bxf3 Bxh3 17. Bg2 Bxg2 18. Kxg2 c6 19. Ne3 Qxd1 20. Rfxd1 Rfd8 21. Nc2 h5 22. Kf3 Bh6 23. Rb1 Kf8 24. Ke2 Ke7 25. Rxd8 Rxd8 26. Rd1 Rxd1 27. Kxd1 Ke6 28. Ke2 f5 29. exf5+ gxf5 30. Nb4 Bf8 31. Nd3 Bd6 32. Ke3 e4 33. Ne1 Bc5+ 34. Ke2 Kf6 35. Nc2 Kg5 36. b4 Bd6 37. b5 f4 38. bxc6 bxc6 39. gxf4+ Bxf4 40. Nd4 h4 41. Nxc6 h3 42. Kf1 e3 43. Nd4 h2 44. Nf3+ Kg4 45. Nxh2+ Bxh2 46. fxe3 Kf3 47. e4 Kxe4 48. Ke2 Kd4 49. c5 Kc3 50. c6 a5 51. Ke3 Kb2 52. Kd3 Kxa2 53. Kd2 a4 54. Kc1 Be5 55. Kc2 a3 0-1

[Event "Rio de Janeiro-ch 20th"]
[Site "Rio de Janeiro"]
[Date "1996.01.13"]
[Round "1"]
[White "Alcantara de Mello, Pedro"]
[Black "Rosa, Carlos Roberto"]
[Result "1/2-1/2"]
[WhiteElo "1915"]
[BlackElo "2305"]
[PlyCount "134"]
[EventDate "1996.01.13"]
[EventType "swiss"]
[EventRounds "7"]
[EventCountry "BRA"]
[SourceTitle "EXT 2006"]
[Source "ChessBase"]
[SourceDate "2005.11.24"]
[SourceVersion "1"]
[SourceVersionDate "2005.11.24"]
[SourceQuality "1"]

1. Nf3 d5 2. b3 Nf6 3. e3 Bg4 4. Be2 e6 5. Bb2 Nbd7 6. 0-0 Bd6 7. d4 0-0 8. c4 c6 9. Nbd2 Ne4 10. Ne5 Bxe2 11. Qxe2 Ndf6 12. Nxe4 Nxe4 13. f3 Nf6 14. Nd3 Qc7 15. g3 Nd7 16. Rac1 Rfe8 17. e4 Qa5 18. e5 Be7 19. Bc3 Qa3 20. cxd5 cxd5 21. f4 f5 22. Rc2 Rac8 23. Rfc1 Qa6 24. Qf3 Rc6 25. Bb4 Rxc2 26. Rxc2 Qb6 27. Bc5 Nxc5 28. Nxc5 Rc8 29. Qe3 Qb5 30. a4 Qc6 31. Rc1 Kf7 32. Nd3 Qd7 33. Rxc8 Qxc8 34. Qd2 Bd8 35. Qb4 Bb6 36. a5 Bd8 37. Nc5 b6 38. axb6 Bxb6 39. Kf2 Qc6 40. Ke3 Ke8 41. Kd3 Bxc5 42. dxc5 Kd7 43. Qa5 Qb7 44. b4 Kc6 45. Kc3 Qb5 46. Qa3 Qc4+ 47. Kd2 a6 48. Qa5 Qb5 49. Qa3 h6 50. h4 h5 51. Ke1 Qc4 52. Kd2 Qd4+ 53. Ke2 Qe4+ 54. Kf2 Qc4 55. Qa5 Qb5 56. Qd8 Qd3 57. Qb6+ Kd7 58. c6+ Ke8 59. c7 Qd2+ 60. Kg1 Qd1+ 61. Kg2 Qe2+ 62. Kg1 Qe1+ 63. Kh2 Qe2+ 64. Kh3 Qf1+ 65. Kh2 Qe2+ 66. Kg1 Qe1+ 67. Kg2 Qe2+ 1/2-1/2